Bilder nach Buchstabe - Z #2 - Statistiken

Allgemein
  • Dieses Quiz wurde 95 mal gespielt
  • Das Durchschnittsergebnis liegt bei 8 aus 16
Antwortstatistiken
Bildquiz Antwort % Korrekt
Zirkel
96%
Zauberwürfel
81%
Zylinder
81%
Zentralafrikanische Republik
70%
Zwetschgen
67%
Zugspitze
66%
Zypressen
53%
Zentaur
52%
Zendaya
49%
Zermatt
39%
Zikade
30%
Zeeland
27%
Zabaglione
15%
Zentrifuge
14%
Zion-Nationalpark
9%
Zeiss-Großplanetarium
5%
Keine übereinstimmenden Quizze gefunden
Verteilung der Resultate
Anzahl Personen mit jedem Resultat
Perzentil nach korrekt beantworteten Fragen
Ihre Resultats-Entwicklung
Sie haben dieses Quiz noch nicht gespielt